Теория гироскопических компасов Аншютца и Сперри и общая теория систем с сервосвязями: пер. с фр.

Dades bibliogràfiques
Autor principal: Беген А. Анри
Idioma:rus
Publicat: Москва, Наука, 1967
Matèries:
Format: Llibre
KOHA link:https://koha.lib.tpu.ru/cgi-bin/koha/opac-detail.pl?biblionumber=156649

MARC

LEADER 00000nam0a2200000 4500
001 156649
005 20231031153309.0
035 |a (RuTPU)RU\TPU\book\169894 
090 |a 156649 
100 |a 20090330d1967 km y0rusy50 ca 
101 1 |a rus  |c fre 
102 |a RU 
105 |a a z 001zy 
200 1 |a Теория гироскопических компасов Аншютца и Сперри и общая теория систем с сервосвязями  |e пер. с фр.  |f А. Беген 
210 |a Москва  |c Наука  |d 1967 
215 |a 172 с.  |c ил. 
320 |a Библиогр.: с. 168-171. 
610 1 |a теория 
610 1 |a гироскопы 
610 1 |a гироскопические компасы 
675 |a 531.383  |v 3 
700 1 |a Беген  |b А.  |g Анри 
801 1 |a RU  |b 63413507  |c 20090330  |g PSBO 
801 2 |a RU  |b 63413507  |c 20150917  |g PSBO 
942 |c BK